اكتمل التصدير — 

Tra Esino e San Vicino : architettura religiosa nelle Marche Centrali (secoli xi-xiii) /

This study offers a completely new interpretation of the religious architecture which, between the Romanesque and Gothic periods, established itself in the centre of the Italian Marche region, in an area known as the Valle di S. Clemente.

محفوظ في:

المؤلف الرئيسي: Cerioni, Cristiano (مؤلف)

مؤلفون آخرون: Lippi, Rivio (المصور)

التنسيق: كتاب الكتروني

اللغة: Italian

منشور في: Oxford : Archaeopress Publishing Ltd, 2021.

سلاسل: Access archaeology.

الموضوعات:

الوصول للمادة أونلاين: Login to view Source

الوسوم: إضافة وسم

لا توجد وسوم, كن أول من يضع وسما على هذه التسجيلة!

رقم الطلب: NA5621

LEADER 01995nam a2200445 i 4500
001 EDZ0002655710
003 StDuBDS
005 20230412183229.0
006 m|||||o||d||||||||
007 cr |||||||||||
008 211201s2021 enka fob 000|0|ita|d
020 |a 9781803271330 (PDF ebook) :  |c No price 
040 |a StDuBDS  |b eng  |c StDuBDS  |e rda  |e pn 
050 4 |a NA5621 
082 0 4 |a 726.5094567  |2 23 
100 1 |a Cerioni, Cristiano,  |e author. 
245 1 0 |a Tra Esino e San Vicino :  |b architettura religiosa nelle Marche Centrali (secoli xi-xiii) /  |c Cristiano Cerioni ; rilievi di Rivio Lippi. 
264 1 |a Oxford :  |b Archaeopress Publishing Ltd,  |c 2021. 
300 |a 1 online resource (x, 195 pages) :  |b illustrations (black and white, and colour). 
336 |a text  |2 rdacontent 
336 |a still image  |2 rdacontent 
337 |a computer  |2 rdamedia 
338 |a online resource  |2 rdacarrier 
490 1 |a Access archaeology 
500 |a Also issued in print: 2021. 
500 |a "Available in both print and Open Access"--Homepage. 
504 |a Includes bibliographical references. 
506 0 |a Open access. 
520 8 |a This study offers a completely new interpretation of the religious architecture which, between the Romanesque and Gothic periods, established itself in the centre of the Italian Marche region, in an area known as the Valle di S. Clemente. 
521 |a Specialized. 
588 |a Description based on online resource; title from PDF title page (viewed on December 1, 2021). 
650 0 |a Church buildings  |z Italy  |z Marche. 
650 0 |a Church architecture  |z Italy  |z Marche. 
700 1 |a Lippi, Rivio,  |e illustrator. 
776 0 8 |i Print version :  |z 9781803271323 
830 0 |a Access archaeology. 
856 4 0 |3 Archaeopress  |u http://library.arce.org:8087/Archaeopress/Products/9781803271323 
942 |2 lcc  |c EBOOK 
952 |0 0  |1 0  |4 0  |6 NA5621  |7 1  |9 46899  |a ARCH  |b ARCH  |d 2023-04-12  |l 0  |o NA5621  |r 2023-04-12 00:00:00  |w 2023-04-12  |y EBOOK 
999 |c 52557  |d 52557